| 000 | 01263nam a2200349 a 4500 | ||
|---|---|---|---|
| 001 | 000109236 | ||
| 003 | CHAP | ||
| 005 | 20220329144042.0 | ||
| 008 | 140411s2013 mx sm |||||||spa d | ||
| 010 | _a105698 | ||
| 011 | _a106670 | ||
| 040 | _cCHAP | ||
| 090 | _aTesis | ||
| 100 | 1 |
_aAcosta Santoyo, Gustavo _9126403 |
|
| 245 | 1 | 0 |
_aPropagación in vitro y caracterización molecular de dos cactáceas mexicanas endémicas y protegidas _h[En línea] _cpor Gustavo Acosta Santoyo. |
| 260 |
_aChapingo, Méx. : _bEl autor, _c2013. |
||
| 500 | _aPara ver el contenido del material haga clic en la liga | ||
| 502 | _aTesis (MC. en Biotecnología Agrícola) -- UACH. Fitotecnia | ||
| 590 |
_aBATCH-UPD _b10 _c20141002 _lUCH01 _h0900 |
||
| 590 |
_aBATCH _b00 _c20181121 _lUCH01 _h0758 |
||
| 590 |
_aE11695DGD _b10 _c20140422 _lUCH01 _h0905 |
||
| 590 |
_aE5765TAJ _b05 _c20140411 _lUCH01 _h0825 |
||
| 590 |
_aE5765TAJ _b05 _c20140411 _lUCH01 _h0825 |
||
| 650 | 1 | 4 |
_aCactáceas _xFisiología y morfología. _917005 |
| 650 | 1 | 4 |
_aCactáceas _xGerminación. _917006 |
| 650 | 1 | 4 |
_aCactáceas _xPropagación. _917013 |
| 856 |
_a1 _n0000038 |
||
| 856 |
_aFinding aid _uhttp://10.13.5.2/tesis/sist109236.pdf _zTeclea aquí |
||
| 901 | _aBK | ||
| 942 | _cTESIS | ||
| 942 | _n0 | ||
| 999 |
_c105698 _d105698 |
||